Ricostruisci la Carriera del Calciatore - José María Callejón - Statistics

Statistiche generali
  • Questo quiz è stato fatto 8 volte
  • Il punteggio medio è 4 su 6
Statistiche sulle risposte
Hint Risposta % Corretto
2020-2022 Fiorentina
83%
2006-2008 Real M. Castilla
83%
2022- Granada
67%
2013-2020 Napoli
67%
2011-2013 Real Madrid
50%
2008-2011 Espanyol
17%
Nessun quiz corrispondente trovato
Distribuzione punteggi
Percentuale di utenti per punteggio
Percentile per numero di risposta
I tuoi punteggi nel tempo
Non hai fatto questo quiz